000
00196 a2200097 4500
001
45841
100
_a
Whitaker
245
_a
Whitaker s almanack
260
_a
London
_b
_c
090
_c
28952
_d
28952
942
_a
NUST-CAE
_c
M
_c
21060
999
_c
280914
_d
280914